白日 歌詞 - Statistics

General Stats
  • This quiz has been taken 14 times
  • The average score is 86 of 218
Answer Stats
Hint Answer % Correct
100%
歌詞 時には
91%
誰かを
91%
知らず
91%
91%
うちに
91%
傷つけて
91%
犯した
91%
罪を
91%
知る
91%
しまったり
82%
しまった
82%
失ったり
73%
して
73%
初めて
73%
何が
73%
ある
73%
戻れないよ
64%
今の
64%
僕には
64%
できるの
64%
真っ新に
64%
生まれ変わって
64%
人生
64%
一から
64%
昔の
55%
ようには
55%
よな
55%
覚えて
55%
いますか
55%
きっと
55%
春風が
55%
吹く
55%
だろう
55%
歩いて
55%
ように
55%
としても
45%
何に
45%
なれるの
45%
ために
45%
言ってらんない
45%
どこかの
45%
始めようが
45%
地続きの
45%
今を
45%
真っ白に
45%
もう
45%
んだ
45%
その頃
45%
いく
45%
なれ
45%
その
45%
煌めいて
36%
雪が
36%
降りしきろう
36%
とも
36%
誰かの
36%
生きるなら
36%
正しい
36%
ことばかり
36%
街で
36%
僕の
36%
名前を
36%
その頃には
36%
へばりついて
36%
離れない
36%
全て
36%
さよなら
36%
降りしきる
36%
雪よ
36%
全てを
36%
包みこんで
36%
くれ
36%
今日だけは
36%
隠して
36%
間違い
36%
探し
36%
君の
36%
には
36%
見えた
27%
明日へと
27%
歩きださ
27%
なきゃ
27%
また
27%
出逢えたら
27%
いるんだ
27%
羨んで
27%
いつもの
27%
笑ってた
27%
思ってた
27%
曖昧な
27%
サインを
27%
見落として
27%
首の
27%
27%
一枚
27%
繋がった
27%
27%
誰かに
27%
行くんだ
27%
歩きださなきゃ
18%
途方のない
18%
季節を
18%
越えて
18%
呼んでも
18%
いい
18%
かな
18%
どうしようもない
18%
生きて
18%
今だけは
18%
この
18%
心を
18%
凍らせてくれ
18%
くれよ
18%
目覚めたら
18%
どっかの
18%
なって
18%
やしない
18%
聞き流して
18%
忙しない
18%
日常の
18%
中で
18%
歳だけを
18%
重ねた
18%
向こう側に
18%
待ち受けるのは
18%
天国か
18%
地獄か
18%
いつだって
18%
人は
18%
鈍感
18%
だもの
18%
わかりゃ
18%
しない
18%
肚の
18%
18%
それでも
18%
愛し
18%
愛され
18%
生きて行く
18%
のが
18%
定めと
18%
知って
18%
後悔ばかりの
18%
人生だ
18%
取り返しの
18%
つかない
18%
過ちの
18%
一つや
18%
二つ
18%
くらい
18%
誰にでも
18%
そんな
18%
もんだろう
18%
うんざり
18%
するよ
18%
わかり合える
9%
忘れさせて
9%
No matching quizzes found
Score Distribution
Percent of People with Each Score
Percentile by Number Answered
Your Score History
You have not taken this quiz